Riconosci il Calciatore - Quiz n°13 - Statistics

Statistiche generali
  • Questo quiz è stato fatto 65 volte
  • Il punteggio medio è 16 su 17
Statistiche sulle risposte
Indizio Risposta % Corretto
Nazionalità Brasile
100%
Ruolo Difensore
100%
Squadra di club 4 Juventus 2015-
98%
Data di nascita 26/01/1991
97%
Squadra di club 3 Porto 2011-2015
95%
Squadra di club 2 Santos 2010-2011
93%
Altezza 180 cm
90%
Gol in nazionale 2
90%
Peso 80 kg
90%
Calciatore Alex Sandro
90%
Squadra di club 1 Atlético Paranaense 2008-2010
90%
Trofei per club Campionato Paulista: 2 Santos: 2010, 2011
Coppa del Brasile: 1
Santos: 2010
Campionato portoghese: 2
Porto: 2011-2012, 2012-2013
Supercoppa di Portogallo: 3
Porto: 2011, 2012, 2013
Campionato italiano: 5
Juventus: 2015-2016, 2016-2017, 2017-2018, 2018-2019, 2019-2020
Coppa Italia: 4
Juventus: 2015-2016, 2016-2017, 2017-2018, 2020-2021
Supercoppa italiana: 2
Juventus: 2018, 2020
Coppa Libertadores: 1
Santos: 2011
90%
Trofei individuali Gran Galà del calcio AIC: 2 Squadra dell'anno: 2017, 2018
90%
Gol nei club 21
88%
Presenze in nazionale 40
88%
Trofei per nazionali Campionato sudamericano Under-20: 1
Perù 2011
Campionato mondiale Under-20: 1
Colombia 2011
Argento olimpico: 1
Londra 2012
Coppa America: 1
Brasile 2019
88%
Presenze nei club 522
85%
Nessun quiz corrispondente trovato
Distribuzione punteggi
Percentuale di utenti per punteggio
Percentile per numero di risposta
I tuoi punteggi nel tempo
Non hai fatto questo quiz